| 000 | 00590nam a2200157 a 4500 | ||
|---|---|---|---|
| 001 | 000025796 | ||
| 005 | 20200930024045.0 | ||
| 008 | 110217s1967 xxuab r 000 | spa d | ||
| 040 |
_aDO-SdBNP _bspa _cBNPHU |
||
| 082 |
_axxxxx _bR811 |
||
| 100 | 1 |
_aRoselle, Daniel, _952604 |
|
| 245 | 1 | 0 |
_aHistoria de la humanidad : _bevolucion de su cultura / _cDaniel Roselle ; revisor y adaptador Augusto Montenegro ; la traducción al español fue realizada en la Universidad del Valle. |
| 260 |
_aBoston : _bGinn and Company ; _aCali : _bNorma, _c1967. |
||
| 300 |
_a3 v. : _bil. ; _c28 cm. |
||
| 049 | _aBNGR | ||
| 999 |
_c25288 _d25288 |
||